[Event "Dubai op-B 23rd"]
[Site "Dubai"]
[Date "2023.06.03"]
[Round "8"]
[White "Newansa, M Esandi"]
[Black "Muratova, Saltanat"]
[Result "1/2-1/2"]
[WhiteElo "1529"]
[BlackElo "1846"]
[PlyCount "95"]
[EventDate "2023.05.27"]
[EventType "swiss"]
[EventRounds "9"]
[EventCountry "UAE"]
[SourceTitle "CBM 214 Extra"]
[Source "ChessBase"]
[SourceDate "2023.07.31"]
[SourceVersion "1"]
[SourceVersionDate "2023.07.31"]
[SourceQuality "1"]

1. d4 Nf6 2. Bf4 b6 3. e3 Bb7 4. Nf3 e6 5. c3 Be7 6. h3 d6 7. Nbd2 Nbd7 8. Bh2 c5 9. Nc4 Ne4 10. Bd3 Ndf6 11. a4 0-0 12. 0-0 Rc8 13. Qe2 d5 14. Nce5 c4 15. Bc2 a6 16. Nd2 Nxd2 17. Qxd2 Ne4 18. Qe2 Nd6 19. f4 f5 20. g4 Bf6 21. Nf3 Qe8 22. Qg2 Ra8 23. Kh1 b5 24. Rg1 Kh8 25. h4 Bc6 26. g5 Be7 27. Ne5 Ra7 28. h5 Rb7 29. Qh3 Kg8 30. axb5 Bxb5 31. Rg2 Ne4 32. Bxe4 dxe4 33. g6 h6 34. Nf7 Qc8 35. Qg3 Be8 36. Ne5 Bf6 37. Rxa6 Bxe5 38. fxe5 Rxb2 39. Rd6 Rxg2 40. Kxg2 Bc6 41. Qh4 Re8 42. Bf4 Bd5 43. Kh3 Qc7 44. Qf2 Qb7 45. Qa2 Qb3 46. Qa7 Qb7 47. Qxb7 Bxb7 48. Rd7 1/2-1/2

[Event "Dubai op-B 23rd"]
[Site "Dubai"]
[Date "2023.05.30"]
[Round "4"]
[White "Chistyakova, Daria"]
[Black "Muratova, Saltanat"]
[Result "0-1"]
[WhiteElo "1947"]
[BlackElo "1846"]
[PlyCount "88"]
[EventDate "2023.05.27"]
[EventType "swiss"]
[EventRounds "9"]
[EventCountry "UAE"]
[SourceTitle "CBM 214 Extra"]
[Source "ChessBase"]
[SourceDate "2023.07.31"]
[SourceVersion "1"]
[SourceVersionDate "2023.07.31"]
[SourceQuality "1"]

1. e4 c5 2. Nf3 e6 3. d4 cxd4 4. Nxd4 a6 5. c4 Qc7 6. Nc3 Nc6 7. Be2 Nf6 8. 0-0 Bb4 9. Nxc6 dxc6 10. Qc2 e5 11. Bg5 Be7 12. Rad1 h6 13. Bc1 0-0 14. h3 Bc5 15. Na4 Bd4 16. c5 Be6 17. b4 a5 18. Nb6 Ra7 19. a3 axb4 20. axb4 Ra2 21. Qd3 Nd7 22. Nc4 f5 23. Rd2 fxe4 24. Qxe4 Nf6 25. Qg6 Bf7 26. Qf5 Rxd2 27. Bxd2 Bd5 28. Qg6 Ne4 29. Be3 Rf6 30. Qe8+ Rf8 31. Qg6 Rf6 32. Qg4 Qf7 33. Bxd4 exd4 34. Ne5 Qe8 35. f4 Be6 36. Qh4 Nc3 37. Bd3 Nd5 38. b5 cxb5 39. f5 Bxf5 40. Qxd4 Ne7 41. Bxb5 Qxb5 42. Qd8+ Kh7 43. Qxe7 Qe2 44. Nc6 Be4 0-1

[Event "Dubai op-B 23rd"]
[Site "Dubai"]
[Date "2023.05.29"]
[Round "3"]
[White "Muratova, Saltanat"]
[Black "Mohammad Abdulrahman, Alawadhi"]
[Result "0-1"]
[WhiteElo "1846"]
[BlackElo "1708"]
[PlyCount "102"]
[EventDate "2023.05.27"]
[EventType "swiss"]
[EventRounds "9"]
[EventCountry "UAE"]
[SourceTitle "CBM 214 Extra"]
[Source "ChessBase"]
[SourceDate "2023.07.31"]
[SourceVersion "1"]
[SourceVersionDate "2023.07.31"]
[SourceQuality "1"]

1. e4 e5 2. Nf3 Nc6 3. Bb5 a6 4. Ba4 Nf6 5. d3 b5 6. Bb3 Be7 7. 0-0 0-0 8. c3 d6 9. Nbd2 Na5 10. Bc2 c5 11. h3 Re8 12. d4 cxd4 13. cxd4 exd4 14. Nxd4 Bb7 15. b3 Bf8 16. Re1 g6 17. Bb2 Bg7 18. Rc1 Qb6 19. Qf3 d5 20. Rcd1 Rad8 21. e5 Nd7 22. h4 Nxe5 23. Qg3 Nec6 24. Rxe8+ Rxe8 25. N2f3 Nxd4 26. Bxd4 Bxd4 27. Nxd4 Nc6 28. Nf5 Ne5 29. h5 Kh8 30. Nh6 Qf6 31. Kf1 gxh5 32. Nf5 Rg8 33. Qf4 d4 34. g3 h4 35. Qxh4 Qxh4 36. Nxh4 Rd8 37. f4 Ng4 38. Rd2 Ne3+ 39. Kf2 Kg7 40. Nf5+ Nxf5 41. Bxf5 h6 42. Bd3 Kf6 43. Rc2 Rc8 44. Rxc8 Bxc8 45. Be4 Bf5 46. Bc6 b4 47. Kf3 Bb1 48. Bd5 a5 49. g4 Bxa2 50. Ke4 a4 51. Kxd4 Bxb3 0-1

[Event "KAZ Cup Rapid (Women)"]
[Site "Almaty"]
[Date "2020.12.19"]
[Round "5"]
[White "Nakhbayeva, Guliskhan"]
[Black "Muratova, Saltanat"]
[Result "1/2-1/2"]
[WhiteElo "2328"]
[BlackElo "1855"]
[PlyCount "59"]
[EventDate "2020.12.19"]
[EventType "swiss (rapid)"]
[EventRounds "9"]
[EventCountry "KAZ"]
[SourceTitle "CBM 199 Extra"]
[Source "ChessBase"]
[SourceDate "2021.01.31"]
[SourceVersion "1"]
[SourceVersionDate "2021.01.31"]
[SourceQuality "1"]

1. d4 Nf6 2. c4 g6 3. Nc3 Bg7 4. e4 d6 5. h3 0-0 6. Nf3 c5 7. d5 e6 8. Bd3 exd5 9. exd5 a6 10. 0-0 Nbd7 11. Bf4 Nb6 12. a4 Qc7 13. Qd2 Bd7 14. a5 Nc8 15. Rfe1 b6 16. axb6 Qxb6 17. Re2 Rb8 18. Rae1 Qb4 19. Bh6 Nb6 20. Bxg7 Kxg7 21. Qf4 Nbxd5 22. Nxd5 Nxd5 23. Qxd6 Nf6 24. Ne5 Rb6 25. Qc7 Rb7 26. Qd6 Rb6 27. Qc7 Rb7 28. Qd6 Rb6 29. Qc7 Rb7 30. Qd6 1/2-1/2

[Event "Wch U18 Girls"]
[Site "Porto Carras"]
[Date "2018.10.29"]
[Round "10.30"]
[White "Belluire, Beatrice"]
[Black "Muratova, Saltanat"]
[Result "0-1"]
[WhiteElo "1931"]
[BlackElo "1859"]
[PlyCount "64"]
[EventDate "2018.10.20"]
[EventType "swiss"]
[EventRounds "11"]
[EventCountry "GRE"]
[SourceTitle "CBM 187 Extra"]
[Source "ChessBase"]
[SourceDate "2018.11.04"]
[SourceVersion "1"]
[SourceVersionDate "2018.11.04"]
[SourceQuality "1"]

1. e4 c5 2. Nf3 Nc6 3. Bb5 g6 4. Bxc6 bxc6 5. 0-0 Bg7 6. Re1 Rb8 7. c3 Nf6 8. e5 Nd5 9. c4 Nc7 10. Nc3 0-0 11. d4 cxd4 12. Qxd4 Ne6 13. Qxa7 Rb7 14. Qe3 d5 15. exd6 exd6 16. Qd2 Rd7 17. b3 Bb7 18. Bb2 d5 19. Ne5 Bxe5 20. Rxe5 dxc4 21. Qh6 Rd2 22. Re2 Rxe2 23. Nxe2 Qd3 24. Re1 Rd8 25. Ng3 c3 26. Bc1 c2 27. f3 Qd1 28. Qe3 Nc5 29. Ne4 Qxe1+ 30. Qxe1 Rd1 31. Nxc5 Rxe1+ 32. Kf2 Rxc1 0-1

[Event "Wch U18 Girls"]
[Site "Porto Carras"]
[Date "2018.10.21"]
[Round "3"]
[White "Obolentseva, Alexandra"]
[Black "Muratova, Saltanat"]
[Result "1-0"]
[WhiteElo "2298"]
[BlackElo "1859"]
[PlyCount "81"]
[EventDate "2018.10.20"]
[EventType "swiss"]
[EventRounds "11"]
[EventCountry "GRE"]
[SourceTitle "CBM 187 Extra"]
[Source "ChessBase"]
[SourceDate "2018.11.04"]
[SourceVersion "1"]
[SourceVersionDate "2018.11.04"]
[SourceQuality "1"]

1. d4 Nf6 2. c4 g6 3. Nc3 Bg7 4. e4 d6 5. Nf3 0-0 6. Be2 e5 7. 0-0 Nc6 8. d5 Ne7 9. b4 Ne8 10. c5 f5 11. Nd2 Nf6 12. Ba3 Bh6 13. Bf3 f4 14. b5 g5 15. h3 Rf7 16. Nc4 Ne8 17. cxd6 cxd6 18. b6 a6 19. Na4 Ng6 20. Rc1 g4 21. hxg4 Nh4 22. Nc5 Qf6 23. Ne6 Bxe6 24. dxe6 Qxe6 25. Qb3 Bf8 26. Rfd1 Qg6 27. Kf1 Be7 28. Na5 Bf8 29. Nxb7 Nxf3 30. gxf3 d5 31. Bxf8 Kxf8 32. Nc5 d4 33. Ne6+ Kg8 34. b7 Rb8 35. Nd8 Nd6 36. Rc7 Rxd8 37. b8Q Rxb8 38. Qxb8+ Kg7 39. Rc6 Rf6 40. Rxa6 Qh6 41. g5 1-0

[Event "Pavlodar op"]
[Site "Pavlodar"]
[Date "2017.11.23"]
[Round "3"]
[White "Muratova, Saltanat"]
[Black "Lukyanenko, Danil"]
[Result "1-0"]
[WhiteElo "1793"]
[BlackElo "1459"]
[PlyCount "39"]
[EventDate "2017.11.21"]
[EventType "swiss"]
[EventRounds "9"]
[EventCountry "KAZ"]
[SourceTitle "EXT 2019"]
[Source "ChessBase"]
[SourceDate "2018.10.10"]
[SourceVersion "1"]
[SourceVersionDate "2018.10.10"]
[SourceQuality "1"]

1. e4 d6 2. Nc3 Nf6 3. f4 g6 4. Nf3 e5 5. Bc4 Nxe4 6. Nxe4 d5 7. Bxd5 Qxd5 8. Nf6+ Kd8 9. Nxd5 Be6 10. Nc3 Bg7 11. fxe5 Nc6 12. d4 Bf5 13. 0-0 h6 14. d5 Nxe5 15. d6 c6 16. Nxe5 Bxe5 17. Bf4 Bf6 18. d7 a6 19. Qd6 Bxc3 20. Qc7+ 1-0

[Event "Pavlodar op"]
[Site "Pavlodar"]
[Date "2017.11.22"]
[Round "2"]
[White "Kazakov, Konstantin"]
[Black "Muratova, Saltanat"]
[Result "1-0"]
[WhiteElo "2390"]
[BlackElo "1793"]
[PlyCount "71"]
[EventDate "2017.11.21"]
[EventType "swiss"]
[EventRounds "9"]
[EventCountry "KAZ"]
[SourceTitle "EXT 2019"]
[Source "ChessBase"]
[SourceDate "2018.10.10"]
[SourceVersion "1"]
[SourceVersionDate "2018.10.10"]
[SourceQuality "1"]

1. e4 c5 2. Nf3 d6 3. Bb5+ Bd7 4. Bxd7+ Qxd7 5. 0-0 Nc6 6. Re1 e6 7. b3 Nf6 8. Bb2 Be7 9. d3 0-0 10. Nbd2 d5 11. e5 Ne8 12. Nf1 Nc7 13. Ng3 b5 14. Qd2 Rab8 15. Nh5 Ne8 16. Qf4 d4 17. Qg3 f5 18. exf6 Bxf6 19. Re2 Nc7 20. Rae1 Rbe8 21. Qg4 Re7 22. Bc1 Kh8 23. Bf4 Nb4 24. Ne5 Bxe5 25. Bxe5 Nbd5 26. Re4 Ne8 27. Qh3 Nef6 28. Rh4 Nxh5 29. Rxh5 Nf6 30. Rh4 Kg8 31. Qg3 Ref7 32. Qg5 Qd5 33. f3 a6 34. Rh3 Ne8 35. Qh5 g6 36. Qxg6+ 1-0

[Event "KAZ-ch (Women)"]
[Site "Almaty"]
[Date "2016.05.06"]
[Round "4"]
[White "Iskichekova, Nadezhda"]
[Black "Muratova, Saltanat"]
[Result "0-1"]
[WhiteElo "1784"]
[BlackElo "1965"]
[PlyCount "102"]
[EventDate "2016.05.03"]
[EventType "tourn"]
[EventRounds "9"]
[EventCountry "KAZ"]
[SourceTitle "CBM 172 Extra"]
[Source "ChessBase"]
[SourceDate "2016.06.21"]
[SourceVersion "1"]
[SourceVersionDate "2016.06.21"]
[SourceQuality "1"]

1. Nf3 Nf6 2. g3 g6 3. Bg2 d6 4. c4 Bg7 5. Nc3 0-0 6. 0-0 Nbd7 7. d3 e5 8. h3 Re8 9. e4 Nc5 10. Be3 Ne6 11. b4 Nd7 12. Rc1 Ndf8 13. Qd2 Nd4 14. Kh2 Nfe6 15. Ng1 a5 16. b5 c6 17. bxc6 bxc6 18. Rb1 Ba6 19. Rb2 Qc7 20. Nge2 Rab8 21. Rfb1 Nc5 22. Nc1 a4 23. Nd1 Nd7 24. Qc3 Rxb2 25. Rxb2 Nc5 26. Qb4 Ra8 27. Nc3 Bc8 28. N3e2 a3 29. Rd2 Qa7 30. Qc3 Nce6 31. Nb3 c5 32. Nec1 Bd7 33. Rd1 Ba4 34. Bd2 Bf6 35. Re1 Rb8 36. h4 Bxb3 37. Nxb3 Nxb3 38. axb3 Nd4 39. Ra1 Rxb3 40. Qc1 a2 41. Be3 Rxd3 42. Bxd4 exd4 43. e5 Bxe5 44. Bd5 Ra3 45. Qg5 d3 46. f4 Bxa1 47. f5 Bf6 48. Qh6 a1Q 49. fxg6 Ra2+ 50. Kh3 Qd7+ 51. g4 Qf1+ 0-1

[Event "KAZ-ch sf (Women)"]
[Site "Pavlodar"]
[Date "2016.02.10"]
[Round "5"]
[White "Mukhit, Aisezym"]
[Black "Muratova, Saltanat"]
[Result "1/2-1/2"]
[WhiteElo "1996"]
[BlackElo "1916"]
[PlyCount "62"]
[EventDate "2016.02.05"]
[EventType "swiss"]
[EventRounds "9"]
[EventCountry "KAZ"]
[SourceTitle "CBM 171 Extra"]
[Source "ChessBase"]
[SourceDate "2016.04.26"]
[SourceVersion "1"]
[SourceVersionDate "2016.04.26"]
[SourceQuality "1"]

1. e4 c5 2. b3 Nc6 3. Bb2 d6 4. f4 e6 5. Bb5 Bd7 6. Qe2 Nf6 7. Nf3 Be7 8. 0-0 0-0 9. c4 Qb6 10. e5 Ne8 11. Bxc6 Bxc6 12. exd6 Nxd6 13. Nc3 Bf6 14. Na4 Bxa4 15. Bxf6 gxf6 16. bxa4 Qc6 17. Nh4 Qe4 18. Qg4+ Kh8 19. Nf3 Qf5 20. Qxf5 Nxf5 21. Rab1 Nd6 22. d4 cxd4 23. Nxd4 Rfc8 24. Rfc1 Rc5 25. Nb5 Nxb5 26. Rxb5 Rc7 27. a5 Kg7 28. Rc3 Rb8 29. a6 b6 30. c5 Rbc8 31. Rg3+ Kf8 1/2-1/2

[Event "World ol U16"]
[Site "Ulaanbaatar"]
[Date "2015.08.20"]
[Round "1.4"]
[White "Ip, Seng Tou"]
[Black "Muratova, Saltanat"]
[Result "1-0"]
[WhiteElo "1515"]
[BlackElo "1853"]
[PlyCount "101"]
[EventDate "2015.08.20"]
[EventType "team-swiss"]
[EventRounds "9"]
[EventCountry "MGL"]
[SourceTitle "EXT 2016"]
[Source "ChessBase"]
[SourceDate "2015.10.08"]
[SourceVersion "1"]
[SourceVersionDate "2015.10.08"]
[SourceQuality "1"]
[WhiteTeam "Macau"]
[BlackTeam "Kazakhstan"]
[WhiteTeamCountry "MAC"]
[BlackTeamCountry "KAZ"]

1. e4 c5 2. Nf3 d6 3. d4 cxd4 4. Nxd4 Nf6 5. Nc3 g6 6. Be3 Bg7 7. Qd2 0-0 8. f3 Nc6 9. Bc4 Bd7 10. 0-0-0 Rb8 11. g4 b5 12. Ncxb5 Ne5 13. Qe2 Nxc4 14. Qxc4 Qa5 15. Nc3 Rfc8 16. Nb3 Qd8 17. Qa6 Be6 18. Qa5 Qe8 19. h4 Rc6 20. h5 Qc8 21. hxg6 fxg6 22. Qg5 Bxb3 23. axb3 Qa6 24. Kb1 Rxc3 25. bxc3 Rb5 26. Qh4 Ra5 27. Kc1 Qe2 28. Qf2 Qa6 29. Bd4 Qc6 30. Kb2 Rb5 31. Ra1 a5 32. Ra4 Qc7 33. g5 Rxg5 34. Rha1 Rb5 35. Qe2 Rb7 36. Qc4+ Qxc4 37. Rxc4 Nd7 38. Rxa5 h5 39. Bxg7 Kxg7 40. Rb4 Rc7 41. Rg5 Kf6 42. Rg2 Ne5 43. f4 Ng4 44. Re2 Rc5 45. c4 h4 46. Rb5 Rc8 47. Rg5 Nh6 48. Reg2 Rg8 49. f5 h3 50. Rxg6+ Kf7 51. Rxg8 1-0

[Event "Moscow op-B (Women)"]
[Site "Moscow"]
[Date "2015.02.06"]
[Round "7"]
[White "Gvanceladze, Anna"]
[Black "Muratova, Saltanat"]
[Result "1-0"]
[WhiteElo "2186"]
[BlackElo "1966"]
[PlyCount "99"]
[EventDate "2015.01.31"]
[EventType "swiss"]
[EventRounds "9"]
[EventCountry "RUS"]
[SourceTitle "CBM 164 Extra"]
[Source "ChessBase"]
[SourceDate "2015.03.02"]
[SourceVersion "1"]
[SourceVersionDate "2015.03.02"]
[SourceQuality "1"]

1. d4 Nf6 2. Nf3 g6 3. Bf4 Bg7 4. e3 d6 5. h3 0-0 6. Be2 Nbd7 7. 0-0 Re8 8. c3 e5 9. dxe5 dxe5 10. Nxe5 c6 11. Nc4 Nd5 12. Bg3 Nc5 13. Nd6 Re6 14. Nxc8 Rxc8 15. Nd2 Qg5 16. Nf3 Qd8 17. Nd4 Re8 18. Bf3 h5 19. Qc2 Bh6 20. Rfe1 Ne6 21. Nxe6 Rxe6 22. Rad1 Qa5 23. Qb3 Nb6 24. Rd2 Qc5 25. Rd4 Bg7 26. Rd3 Bf6 27. Red1 Be7 28. Bf4 Kh7 29. e4 Qc4 30. Be3 Qxb3 31. axb3 c5 32. R3d2 Bf8 33. Rd8 Re8 34. Rxc8 Rxc8 35. Ra1 a6 36. Rd1 Be7 37. e5 Rc7 38. Bf4 Rd7 39. Rxd7 Nxd7 40. Bxb7 a5 41. Kf1 Bd8 42. Ke2 Bc7 43. e6 Bxf4 44. exd7 Bg5 45. Kd3 Kg7 46. Kc4 Kf8 47. Kxc5 Ke7 48. Bc8 Bc1 49. Kb6 Kd8 50. Kxa5 1-0

[Event "Wch U14 Girls"]
[Site "Al Ain"]
[Date "2013.12.27"]
[Round "10"]
[White "Muratova, Saltanat"]
[Black "Nithyalakshmi, Sivanesan"]
[Result "0-1"]
[WhiteElo "1846"]
[BlackElo "1705"]
[PlyCount "54"]
[EventDate "2013.12.18"]
[EventType "swiss"]
[EventRounds "11"]
[EventCountry "UAE"]
[SourceTitle "CBM 158 Extra"]
[Source "ChessBase"]
[SourceDate "2014.02.28"]
[SourceVersion "1"]
[SourceVersionDate "2014.02.28"]
[SourceQuality "1"]

1. e4 c5 2. Nc3 Nc6 3. f4 e6 4. Bc4 Nge7 5. d3 d5 6. Bb3 g6 7. Nf3 Bg7 8. 0-0 h6 9. Qe1 dxe4 10. Nxe4 b6 11. Bd2 0-0 12. Bc3 Nd4 13. Nxd4 Bxd4+ 14. Kh1 Nf5 15. Ng3 Ne3 16. Rf3 Ng4 17. Qe4 Rb8 18. Bxd4 Bb7 19. Qe2 cxd4 20. Ne4 f5 21. Rg3 Bxe4 22. Rxg4 fxg4 23. Qxe4 Qf6 24. Bxe6+ Kg7 25. g3 Rbe8 26. Re1 Re7 27. Qe5 Rfe8 0-1

[Event "Wch U14 Girls"]
[Site "Al Ain"]
[Date "2013.12.26"]
[Round "9"]
[White "Muratova, Saltanat"]
[Black "Ivekovic, Zvjezdana"]
[Result "1-0"]
[WhiteElo "1846"]
[BlackElo "1649"]
[PlyCount "99"]
[EventDate "2013.12.18"]
[EventType "swiss"]
[EventRounds "11"]
[EventCountry "UAE"]
[SourceTitle "CBM 158 Extra"]
[Source "ChessBase"]
[SourceDate "2014.02.28"]
[SourceVersion "1"]
[SourceVersionDate "2014.02.28"]
[SourceQuality "1"]

1. e4 e5 2. Nf3 Nc6 3. Bb5 a6 4. Ba4 Nf6 5. 0-0 b5 6. Bb3 Bc5 7. c3 d6 8. d4 Bb6 9. dxe5 dxe5 10. Qxd8+ Nxd8 11. Nxe5 Nxe4 12. Bd5 Bb7 13. Bxe4 Bxe4 14. Re1 f5 15. Nd2 0-0 16. Nd7 Re8 17. Nxb6 cxb6 18. Nxe4 fxe4 19. Be3 Rb8 20. Rad1 Nf7 21. Bf4 Rb7 22. Kf1 h6 23. Re2 Rbe7 24. h4 Rc8 25. Rde1 Rc4 26. f3 b4 27. Rxe4 Rcxe4 28. Rxe4 Rxe4 29. fxe4 bxc3 30. bxc3 Kf8 31. Ke2 Ke7 32. Ke3 Ke6 33. Bc7 b5 34. Kd4 Kd7 35. Be5 Nd8 36. Kd5 Ne6 37. a3 g6 38. g4 h5 39. g5 a5 40. Bd4 Nc7+ 41. Ke5 Ne8 42. Bb6 a4 43. Bc5 Kc6 44. Bb4 Kd7 45. Bf8 Nc7 46. Kf6 Ne6 47. Kf7 Nf4 48. e5 Ne6 49. Bb4 Nf4 50. Bc5 1-0

[Event "Wch U14 Girls"]
[Site "Al Ain"]
[Date "2013.12.24"]
[Round "8"]
[White "Christian, Kashish"]
[Black "Muratova, Saltanat"]
[Result "1/2-1/2"]
[WhiteElo "1685"]
[BlackElo "1846"]
[PlyCount "87"]
[EventDate "2013.12.18"]
[EventType "swiss"]
[EventRounds "11"]
[EventCountry "UAE"]
[SourceTitle "CBM 158 Extra"]
[Source "ChessBase"]
[SourceDate "2014.02.28"]
[SourceVersion "1"]
[SourceVersionDate "2014.02.28"]
[SourceQuality "1"]

1. c4 e5 2. e3 Nc6 3. Nf3 Nf6 4. Nc3 d6 5. Be2 e4 6. Nd4 Nxd4 7. exd4 Bf5 8. d3 exd3 9. Bxd3 Bxd3 10. Qxd3 Be7 11. Qg3 Qd7 12. Be3 0-0 13. 0-0 c6 14. Rfe1 Rfe8 15. Qf3 d5 16. c5 Bd8 17. a3 Ne4 18. Bf4 Bf6 19. Rad1 Nxc3 20. Qxc3 Qg4 21. Be3 Re7 22. h3 Qd7 23. Bd2 Rae8 24. Rxe7 Rxe7 25. Re1 h6 26. Rxe7 Qxe7 27. Qe3 Qxe3 28. Bxe3 Kf8 29. g4 Ke7 30. Kf1 Ke6 31. Ke2 Bd8 32. Bf4 f5 33. f3 Bf6 34. Kd3 g5 35. Be3 fxg4 36. fxg4 b6 37. b4 bxc5 38. bxc5 Kd7 39. Kc3 Kc7 40. a4 Kb7 41. Kb3 Bd8 42. Bd2 Bc7 43. Bc3 Ka6 44. Ka3 1/2-1/2

[Event "Wch U14 Girls"]
[Site "Al Ain"]
[Date "2013.12.21"]
[Round "5"]
[White "Maouchi, Amina"]
[Black "Muratova, Saltanat"]
[Result "1-0"]
[WhiteElo "1580"]
[BlackElo "1846"]
[PlyCount "105"]
[EventDate "2013.12.18"]
[EventType "swiss"]
[EventRounds "11"]
[EventCountry "UAE"]
[SourceTitle "CBM 158 Extra"]
[Source "ChessBase"]
[SourceDate "2014.02.28"]
[SourceVersion "1"]
[SourceVersionDate "2014.02.28"]
[SourceQuality "1"]

1. e4 c5 2. Nf3 d6 3. d4 cxd4 4. Nxd4 Nf6 5. Nc3 g6 6. Bc4 Bg7 7. h3 0-0 8. 0-0 Nc6 9. Be3 Bd7 10. Qd2 Rc8 11. Bb3 Qa5 12. Rad1 Rfd8 13. f4 Nxd4 14. Bxd4 e5 15. Be3 Bc6 16. f5 Rd7 17. fxg6 hxg6 18. Bg5 Qb6+ 19. Be3 Qd8 20. Qf2 Qe8 21. Qf3 b5 22. Bg5 Nh7 23. Bc1 Nf8 24. Rxd6 Ne6 25. Rxd7 Bxd7 26. Nd5 Qf8 27. Nf6+ Bxf6 28. Qxf6 a5 29. c3 a4 30. Bd5 Re8 31. Qxe5 Nc5 32. Qf6 Be6 33. Bc6 Rc8 34. Bd5 Rd8 35. Bxe6 Nxe6 36. Bh6 Qc5+ 37. Kh1 Rd7 38. e5 Qd5 39. a3 Qe4 40. h4 Qg4 41. Qf2 Qh5 42. Bf4 Rc7 43. Bh2 Rd7 44. Qe1 Nc5 45. Qf2 Ne4 46. Qf4 Nd2 47. Re1 Nc4 48. e6 fxe6 49. Rxe6 Rf7 50. Re8+ Kg7 51. Qd4+ Kh6 52. Rh8+ Rh7 53. Bf4+ 1-0

[Event "Wch U12 Girls"]
[Site "Maribor"]
[Date "2012.11.18"]
[Round "11.7"]
[White "Muratova, Saltanat"]
[Black "Mammadzada, Gunay Vuqar Qizi"]
[Result "0-1"]
[WhiteElo "1796"]
[BlackElo "1939"]
[PlyCount "96"]
[EventDate "2012.11.08"]
[EventType "swiss"]
[EventRounds "11"]
[EventCountry "SLO"]
[SourceTitle "EXT 2013"]
[Source "ChessBase"]
[SourceDate "2012.11.22"]
[SourceVersion "1"]
[SourceVersionDate "2012.11.22"]
[SourceQuality "1"]

1. e4 c5 2. Nc3 d6 3. f4 g6 4. Nf3 Bg7 5. Bc4 Nc6 6. d3 e6 7. 0-0 Nge7 8. Qe1 0-0 9. Qh4 d5 10. Bb3 Nd4 11. f5 exf5 12. Bg5 f6 13. Nxd5 Nxb3 14. Bxf6 Bxf6 15. Nxf6+ Rxf6 16. e5 Rf8 17. axb3 Kh8 18. Kh1 Be6 19. Ng5 Bg8 20. Rf3 Nc6 21. e6 Qd4 22. Rf4 Qxb2 23. Re1 Rae8 24. Rf3 Qg7 25. Rfe3 Qd4 26. Qh6 Qg7 27. Qh4 Nd4 28. Qf2 Qe7 29. h4 h6 30. Nh3 Nxe6 31. Nf4 Qf6 32. h5 gxh5 33. Nxh5 Qg5 34. Nf4 Nxf4 35. Rxe8 Rxe8 36. Rxe8 Qh5+ 37. Kg1 Qxe8 38. Qxf4 Qe6 39. Qc7 Qd5 40. Qa5 Qd4+ 41. Kh2 Qd6+ 42. Kh1 Bd5 43. Qxa7 Qg3 44. Qa1+ Kh7 45. Qf1 f4 46. c4 Bc6 47. Qe2 Qh3+ 48. Kg1 Qe3+ 0-1

[Event "Wch U12 Girls"]
[Site "Maribor"]
[Date "2012.11.17"]
[Round "10.16"]
[White "Onur, Cigdem"]
[Black "Muratova, Saltanat"]
[Result "0-1"]
[WhiteElo "1631"]
[BlackElo "1796"]
[PlyCount "68"]
[EventDate "2012.11.08"]
[EventType "swiss"]
[EventRounds "11"]
[EventCountry "SLO"]
[SourceTitle "EXT 2013"]
[Source "ChessBase"]
[SourceDate "2012.11.22"]
[SourceVersion "1"]
[SourceVersionDate "2012.11.22"]
[SourceQuality "1"]

1. e4 c5 2. Nf3 d6 3. d4 cxd4 4. Nxd4 Nf6 5. Nc3 g6 6. Be3 Bg7 7. f3 0-0 8. Qd2 Nc6 9. Bc4 Bd7 10. 0-0-0 Rb8 11. g4 Na5 12. Bb3 b5 13. Qe2 Nxb3+ 14. Nxb3 b4 15. Nd5 Nxd5 16. Rxd5 Be6 17. Rdd1 a5 18. Kb1 Qc7 19. Nd4 Bc4 20. Qd2 Rfc8 21. Bh6 Bxh6 22. Qxh6 e5 23. Nf5 f6 24. Rhg1 b3 25. cxb3 Be6 26. Rc1 Qd7 27. Rxc8+ Rxc8 28. Ne3 a4 29. g5 f5 30. h4 Qa7 31. Re1 axb3 32. a3 f4 33. Nd5 Bxd5 34. exd5 Qf2 0-1